| 000 | 00544nam a22001937a 4500 | ||
|---|---|---|---|
| 003 | BUBTL | ||
| 008 | 170202b xxu||||| |||| 00| 0 eng d | ||
| 020 | _a1855733676 | ||
| 082 | _a677.0287SAP | ||
| 100 |
_91044 _aSaville,B P |
||
| 245 |
_aPhysical Testing Of Textiles : _cB P Saville |
||
| 260 |
_aCambridge : _bWoodhead Publishing Limited, _cc1999. |
||
| 300 |
_axv,314 p. : _bill.; _c22 cm. |
||
| 650 | 0 |
_91045 _aTextile |
|
| 700 |
_91046 _aSaville,B P |
||
| 856 |
_k0 _l0 _yDownload |
||
| 942 |
_2ddc _cBK |
||
| 999 |
_c5421 _d5421 |
||